000 01065nam a22002537a 4500
001 81426
003 BD-RjUL
005 20231227152852.0
008 230521s2015 bg a|||| m||| 00| 0 eng d
035 _a(BD-RjUL)81426
040 _aBD-RjUL
_beng
_cBD-RjUL
_dBD-RjUL
041 _aeng
082 _223
_a630
_bDUG 2015
100 _aDutta, Amit Kumar
_97591
245 1 0 _aGenetic divergence, selection index and genotype-environment interaction in lentil (Lens culinaris Medic) /
_cby Amit Kumar Dutta ;
_6Supervisor : Anil Chandra Deb Co-Supervisor : Md. Asadul Islam.
260 _aRajshahi :
_bDepartment of Genetic Eng, And Biotechnology, University of Rajshahi,
_c2015.
300 _aix, 214 leaves :
_bill, ;
_c29.cm.
502 _aThesis (M. Phil.) -- Department of Genetic Eng, And Biotechnology, University of Rajshahi, 2015
504 _aReferences : Leaves 177 - 214
650 _aAgriculture and related technologies
_97592
700 _aDeb, Anil, Chandra, Supervisor
_96614
700 _aIslam, Md. Asadul, Co-Supervisor
_91733
942 _2ddc
_cTHE
999 _c81426
_d81426